DRUG ACTIONS AND INTERACTION (Record no. 33096)

MARC details
000 -LEADER
fixed length control field 00319nam a22001457a 4500
003 - CONTROL NUMBER IDENTIFIER
control field SGT
020 ## - INTERNATIONAL STANDARD BOOK NUMBER
International Standard Book Number 978-0-07-163475-5
082 ## - DEWEY DECIMAL CLASSIFICATION NUMBER
Classification number 615
Item number CHO
100 ## - MAIN ENTRY--PERSONAL NAME
Personal name CHOE, JAE Y.
245 ## - TITLE STATEMENT
Title DRUG ACTIONS AND INTERACTION
260 ## - PUBLICATION, DISTRIBUTION, ETC. (IMPRINT)
Place of publication, distribution, etc USA
Name of publisher, distributor, etc MC GRAW HILL
Year of Publication 2011
300 ## - PAGE DESCRIPTION
No. of Pages 734
650 ## - SUBJECT ADDED ENTRY--TOPICAL TERM
Topical term or geographic name as entry element DRUG ACTIONS
942 ## - ADDED ENTRY ELEMENTS (KOHA)
Source of classification or shelving scheme Dewey Decimal Classification
Koha item type Books
Holdings
Withdrawn status Lost status Source of classification or shelving scheme Damaged status Not for loan Collection code Home library Current library Shelving location Date acquired Vendor Name SGTU Bill Number Total Checkouts Full call number Accession No. (Barcode) Date last seen Bill Date Koha item type
    Dewey Decimal Classification   Not For Loan SCIENCE SGT Science & Social Sciences Library SGT Science & Social Sciences Library Reference Book 01/11/2025 ABC SGTU 21721   615 CHO DP1584 01/11/2025 17/09/2025 Books